Las Remesas y el desarrollo en EL Salvador

Guardat en:
Dades bibliogràfiques
Format: Text
Matèries:
Etiquetes: Afegir etiqueta
Sense etiquetes, Sigues el primer a etiquetar aquest registre!

MARC

LEADER 00000 a a2200000 04500
001 6700
003
040
245 |a Las Remesas y el desarrollo en EL Salvador  
650 |a REMESAS  
650 |a GENERACION DE INGRESOS  
650 |a ECONOMIA DOMESTICA  
650 |a ALIVIO DE LA POBREZA  
773 |g volumen 24, número 1070; páginas 6-7  
999 |c 19831  |d 19831